书目信息 |
| 题名: |
哭泣的雪岭
|
|
| 作者: | 陈述 著 | |
| 分册: | ||
| 出版信息: | 海口 南海出版公司 2007.01 |
|
| 页数: | 205页 | |
| 开本: | 21cm | |
| 丛书名: | ||
| 单 册: | ||
| 中图分类: | I247.5 | |
| 科图分类: | ||
| 主题词: | 长篇小说--中国--当代 | |
| 电子资源: | ||
| ISBN: | 7-5442-3530-0 | |
| 000 | 00739nam0 2200217 450 | |
| 001 | 1051429247 | |
| 005 | 20100715141955.90 | |
| 010 | @a7-5442-3530-0@dCNY20.00 | |
| 100 | @a20100515d2007 km y0chiy0120 ea | |
| 101 | 0 | @achi |
| 102 | @aCN | |
| 105 | @ay z 000ay | |
| 200 | 1 | @a哭泣的雪岭@Aku qi de xue ling@f陈述著@Fchen shu zhu |
| 210 | @a海口@c南海出版公司@d2007.01 | |
| 215 | @a205页@d21cm | |
| 330 | @a宁静的雪岭村,流传着关于雪女的恐怖传说。而在这个冬天里,传说似乎变成了现实;雪崩阻塞了村子通往外界的唯一道路,来村里训练的滑雪队员接二连三地离奇死亡、土生土长的村民们连连遭遇意外…… | |
| 606 | 0 | @a长篇小说@y中国@z当代 |
| 690 | @aI247.5@v4 | |
| 701 | 0 | @a陈述@Achen shu@4著 |
| 801 | 0 | @aCN@c20100515 |
| 905 | @dI247.5@eC568@f3 | |
| 哭泣的雪岭/陈述著.-海口:南海出版公司,2007.01 |
| 205页;21cm |
| ISBN 7-5442-3530-0:CNY20.00 |
| 宁静的雪岭村,流传着关于雪女的恐怖传说。而在这个冬天里,传说似乎变成了现实;雪崩阻塞了村子通往外界的唯一道路,来村里训练的滑雪队员接二连三地离奇死亡、土生土长的村民们连连遭遇意外…… |
| ● |
| 相关链接 |
|
|
|
正题名:哭泣的雪岭
索取号:I247.5/C568
 
预约/预借
| 序号 | 登录号 | 条形码 | 馆藏地/架位号 | 状态 | 备注 |
| 1 | 992067 | 209920674 | 社科二线400B/400B社科库 10排4列6层/ [索取号:I247.5/C568] | 在馆 | |
| 2 | 992068 | 209920683 | 文学库108/108文学库 26排4列1层/ [索取号:I247.5/C568] | 在馆 | |
| 3 | 992069 | 209920692 | 文学库108/108文学库 26排4列1层/ [索取号:I247.5/C568] | 在馆 |